00801nas a2200253 4500001001300000003000900013005001700022007000300039008003400042040005400076041000900130072000800139100002100147100001800168100002100186100001800207100002500225245011000250650001000360650001300370650002600383650001200409773012600421BR2015004870BR-BrBNA20231205125633.0ta230509b bl.|||p| |||| 00| 00por d aBR-BrBNAbporcBiblioteca Nacional de Agricultura a(En) aQ031 aMattos, D.P.B.G.1 aLopes, L.M.S.1 aVerícimo, M.A.1 aAlvares, T.S.1 aClemente, S.C. de S.1 aAnisakidae infection in five commercially important fish species from the state of Rio de Janeiro, Brazil aPEIXE aPARASITO aSEGURANÇA ALIMENTAR aSAÚDE0 tRevista Brasileira de Medicina Veterinária (Brazil)xISSN 0100-2430 g(Oct-Dec 2014), v. 36(4) p. 375-379wBR2015004870